00817nam a2200217Ia 4500001001000000003000500010008004100015010001100056040000900067100003000076245017000106260003400276300001000310502008400320650003700404650002500441650002900466650004300495650001100538710005000549Para_9284CHAP220125s2007 xx 000 0 und d a208022 cCHAP aLoera Alvarado, Esperanza aControl químico e identificación de trips en gladiola (Gladiolus glandiflorus Hort.) en Oacalco, Municipio de Yautepec, Morelos /c por Esperanza Loera Alvarado aChapingo, Méx. :b el autor a77 h. aTesis (M.C. Protección Vegetal) UACh. Departamento Parasitología Agrícola aControl biológico de insectos  aGladiolas x plagas  aInsecticidas x pruebas  aInsectos x resistencia a insecticidas aTrips  aUACh. Departamento Parasitología Agrícola